Katalizatory očistki vychlopnych gazov avtotransporta /

Gespeichert in:
Bibliographische Detailangaben
1. Verfasser: Popova, Nina Michajlovna (Verfasst von)
Format: Buch
Veröffentlicht: Alma-Ata : Nauka, 1987
Tags: Tag hinzufügen
Keine Tags, Fügen Sie das erste Tag hinzu!

MARC

LEADER 00000nam a22000003a 4500
001 stu15608
005 20150617225756.9
008 ------s1987----xxr---------------------d
040 |a STU  |b slo 
041 0
044 |a xxr 
080 |a 541.128  |7 stu_us_auth*stu5751 
100 1 |a Popova, Nina Michajlovna  |4 aut 
245 1 |a Katalizatory očistki vychlopnych gazov avtotransporta /  |c [aut.]Popova,Nina Michajlovna 
260 |a Alma-Ata :  |b Nauka,  |c 1987 
300 |a 222 s :  |b Tab.,grafy 
996 |b C80723  |c C*80723  |l CCVIIIB  |s P  |a 0  |w stu15608_0001 
996 |b C81212  |c C*81212  |l CCIX  |s P  |a 0  |w stu15608_0002